[Event "Julian Borowski-A 4th"]
[Site "Essen"]
[Date "2002.05.19"]
[Round "4"]
[White "Leko, Peter"]
[Black "Lutz, Christopher"]
[Result "1-0"]
[WhiteElo "2707"]
[BlackElo "2644"]
[Annotator "Ribli,Z"]
[PlyCount "123"]
[EventDate "2002.05.16"]
[EventType "tourn"]
[EventRounds "9"]
[EventCountry "GER"]
[EventCategory "16"]
[SourceTitle "CBM 090"]
[Source "ChessBase"]
[SourceDate "2002.09.20"]
[SourceVersion "1"]
[SourceVersionDate "2002.09.20"]
[SourceQuality "1"]

1. e4 c5 2. Nf3 e6 3. d4 cxd4 4. Nxd4 Nc6 5. Nc3 Qc7 6. Be3 a6 7. Qd2 {Dieser
Variante ist sehr populär in letzter Zeit. Der weiße Plan ist einfach - lang
rochieren und mit f3-g4 angreifen.} Nf6 (7... b5) (7... Nxd4 8. Bxd4 Ne7 9. Qg5
h6 10. Qe3 b5) 8. O-O-O Bb4 (8... Ng4 9. Bf4 $5 (9. Bg5 Nxd4 10. Qxd4 Qc5 $11))
9. f3 Ne5 (9... Ne7 {Dieser Springerzug kommt sehr stark in Betracht - Schwarz
kann nachfolgend d7-d5 ziehen.} 10. a3 (10. g4 d5 11. g5 Nd7 12. Nb3 O-O 13.
Kb1 Bxc3 14. Qxc3 Qxc3 15. bxc3 b6 16. c4 {1-0 Zagrebelny,S-Cosma,E/Metz 2002/
CBM 87 ext (27)}) 10... Bxc3 11. Qxc3 Qxc3 12. bxc3 d5 (12... e5 13. Nf5 Nxf5
14. exf5 b5 15. c4 d5 16. cxb5 axb5 17. Bxb5+ Bd7 {0-1 Narciso Dublan,
M-Andersson,U/Pamplona 2001/CBM (35)}) 13. e5 Nd7 14. f4 Nc5 (14... b6 15. Bd3
Nc5 16. Kd2 Kd7 17. Rb1 Kc7 18. Rb4 Bd7 19. Rhb1 Rab8 20. Nf3 Nc6 21. Bxc5 bxc5
22. Rxb8 Nxb8 23. c4 {1/2-1/2 Goloshchapov,A-Fominyh,A/Calcutta 2002/CBM 88(76)
}) 15. Nb5 axb5 16. Bxc5 Bd7 17. Kd2 Ra4 18. g3 Nc8 {1/2-1/2 Leko,P-Ljubojevic,
L/Monaco MNC 2002/(42)}) 10. Nb3 b5 (10... d5 11. Bd4 $14 dxe4 $4 12. Bxe5 $18)
(10... Bxc3 11. bxc3 d5 12. Bd4 O-O 13. Qg5 $1 $36) 11. Bd4 Be7 {Nach 11.Bd4
steht der Läufer schon überflüssig auf b4, so geht er zurück. Die Alternativen
sind 11...h6, 11...Bb7, 11...0-0 und 11...Nc6.} 12. Kb1 (12. Qf2 d6 13. g4 O-O
14. Rg1 Nfd7 15. f4 Nc4 16. g5 b4 17. Bxc4 Qxc4 18. f5 bxc3 19. f6 Bd8 20. fxg7
Re8 {0-1 Motylev,A-Alekseev,E/Tomsk 2001/CBM 82 ext (28)}) 12... d6 (12... Bb7
13. Qg5 Ng6 14. e5 Nd5 15. Nxd5 Bxd5 16. Qe3 Rc8 17. Bd3 O-O 18. h4 f6 19. exf6
Bxf6 20. h5 Ne5 21. h6 g6 22. Be4 $14) 13. Qf2 {Mit diesem Zug verteidigt Weiß
den f3-Bauern und bereitet den Zug g2-g4 vor.} O-O $1 $146 {Schwarz möchte
nicht die Partie Morozevich,A-Anand,V/Dortmund 2001 wiederholen.} (13... Rb8
14. g4 h6 15. h4 Nc4 16. Bxc4 (16. g5 $1 hxg5 17. Bxc4 bxc4 18. hxg5 Rxh1 19.
Rxh1 cxb3 20. axb3 Nd7 (20... Ng8 21. Rh8 Kf8 22. Qh4 $18) 21. Rh8+ Nf8 22.
Bxg7 $44) 16... bxc4 17. Nd2 (17. Nc1 $1 $14) 17... e5 18. Ba7 Rb7 19. g5 Nh5
20. Nd5 $14 {[%csl Gd5] 1/2-1/2 Morozevich,A-Anand,V/Dortmund 2001/CBM 85/
[Ribli] (38)}) 14. g4 b4 15. Na4 {[%csl Ga4][%cal Ga4b6]} (15. Ne2 $2 {Dieser
Springerzug wäre sehr passiv.} a5 $15) 15... Bb7 (15... Rb8 $6 16. g5 Nfd7 17.
f4 $36) (15... Bd7 16. Nb6 Rab8 17. g5 $36) (15... Nfd7) 16. Rg1 $5 Nfd7 $1 (
16... Nc6 17. Bb6 Qc8 18. Be3 Nd7 19. f4 $14) (16... Rfc8 17. g5 Nfd7 18. Nb6
$14) 17. Nb6 (17. f4 $6 Nc4 18. Bxc4 Qxc4 19. Na5 Qb5 $36) 17... Rab8 (17...
Nxb6 18. Bxb6 $14) 18. g5 Rfd8 (18... a5 $1 19. Bb5 (19. Nxa5 Bxe4) 19... Bc6
20. Nxd7 Bxd7 21. Bxd7 Nxd7 22. h4 a4 $132) 19. Nxd7 (19. h4 $2 Nc5) 19... Nxd7
(19... Rxd7 20. f4 Nc4 21. f5 Bxe4 22. g6 $40) 20. h4 $14 {In dieser Stellung
muss Weiß am Königsflügel, Schwarz am Damenflügel angreifen. M.E. ist Weiß
schneller.} d5 (20... a5 $5) 21. Bd3 $1 (21. h5 dxe4 22. g6 Nf6 23. gxf7+ Kxf7
$13) 21... e5 (21... dxe4 22. fxe4 $36) 22. Ba7 $1 (22. Be3 d4 23. Bc1 a5 $13)
22... Ra8 23. exd5 {[#]} Rxa7 $6 {Schwarz opfert die Qualität und hofft, dass
er die weiße Dame auf a7 fangen kann.} (23... Bxd5 24. Be3 Qc6 25. h5 $14 Bxf3
$2 26. Na5 $18) 24. Qxa7 Nc5 {[#]} 25. d6 $1 {[%mdl 64] Mit diesem Bauernopfer
öffnet Weiß die d-Linie, und was noch wichtiger ist, er kann 26.Be4 ziehen und
seine Dame befreien.} Bxd6 26. Be4 $1 Nxe4 (26... Ra8 27. Qxa8+ Bxa8 28. Bxa8
$16 {Die zwei Türme sind in diesem Endspiel mehr wert als die Dame.}) 27. fxe4
Ra8 28. Qe3 {[%mdl 1024] Weiß hat eine Qualität mehr, aber er muss vorsichtig
sein, da der Gegner das Läuferpaar und etwas Gegenspiel am Damenflügel hat.} a5
29. Qd3 Rd8 (29... Bf8 30. h5 a4 31. Nc1 $16) 30. Rgf1 {[%cal Gd1d8,Gf1f7]} a4
31. Nd2 $5 (31. Nc1) 31... Bf8 32. Qc4 Qd7 (32... Qxc4 $2 33. Nxc4 Rxd1+ 34.
Rxd1 Bxe4 35. Nxe5 $16) 33. Rf2 $1 $138 (33. Qe2 Rc8 34. Nc4 Qe6) 33... Rc8 (
33... Bc6 $14 {[%cal Gc6b5,Gb5c4]}) 34. Qd3 Qe6 35. Qb5 Bc6 36. Qc4 Qe8 $2 $138
{Prinzipiell muss Schwarz die Damen auf dem Brett halten, aber in dieser
konkrete Stellung wäre es trotzdem besser die Damen zu tauschen.} (36... Qxc4
$5 37. Nxc4 Bxe4 38. Nb6 $1 (38. b3 axb3 39. axb3 Bc5) (38. Nxe5 b3 39. axb3
axb3 40. Nd3 Bd6 41. cxb3 Bg3 $132) 38... Rxc2 39. Rxc2 b3 40. Rd8 $16) 37.
Rdf1 $1 $16 {[%csl Rf7] Nach diesem Zug befindet sich Schwarz in großer Not -
er verliert den f7-Bauern. Er gewinnt zwar die Qualität zurück, aber das
Endspiel mit einem Bauern mehr ist nur eine technische Frage für Weiß.} Bb5 38.
Qxf7+ Qxf7 39. Rxf7 Bxf1 40. Rxf1 {Weiß hat einen Bauern mehr und sein
Materialvorteil muss sich früher oder später zeigen.} Be7 41. Rf5 {[%csl Gf5]}
Rc5 (41... Rd8 42. Kc1 $16) 42. Nf3 Bd6 43. Kc1 {[%csl Gc1][%cal Gc1d2,Gd2d3]
Endlich bringt Weiß den König ins Spiel.} Bc7 (43... g6 44. Rf6 Bc7 45. Ra6 $18
) (43... b3 $6 44. axb3 axb3 45. c3 Ra5 46. Kb1 $16 {[%cal Rf3d2,Rd2b3]}) (
43... a3 44. bxa3 bxa3 45. Nd2 $16) 44. Nd2 (44. Kd1 $16) 44... Bd8 45. Nf3 {
Jetzt und im folgenden wiederholt Weiß die Züge - auf diese Weise kann er
demonstrieren, dass er Vorteil hat.} Bc7 46. Kd1 Bd6 (46... a3 47. bxa3 bxa3
48. Nd2 $16) 47. Kd2 Bc7 48. Nd4 $1 {[%cal Gf5c5]} (48. Kd3 $2 a3 $132) 48...
Bd6 49. Nf3 (49. Ne2 $16) 49... Bc7 50. Nd4 Bd6 51. Ne2 {[%cal Gc2c3]} Rc8 52.
Kd3 Rd8 53. c3 Bc5+ (53... bxc3 54. Nxc3 $16) (53... a3 $5) 54. Kc4 Bf8 55.
Rxe5 (55. cxb4 $6 Rd2 56. Nc3 Rd4+ 57. Kb5 Rxb4+ 58. Ka5 Rxb2 $132) 55... Rd2
56. Nd4 Rxb2 57. cxb4 Rxb4+ (57... Rxa2 58. Ra5 $18) 58. Kc3 Rb8 $6 (58... Rb1
59. Rb5 $16) 59. Rb5 Rc8+ (59... Rxb5 60. Nxb5 $18) 60. Kd3 Rc1 61. e5 $18 {
[%csl Ge5]} Re1 62. h5 (62. h5 g6 63. h6 $18) 1-0

[Event "USA-ch"]
[Site "Modesto"]
[Date "1995.??.??"]
[Round "11"]
[White "Kudrin, Sergey"]
[Black "Benjamin, Joel"]
[Result "0-1"]
[WhiteElo "2525"]
[BlackElo "2575"]
[Annotator "Ribli,Z"]
[PlyCount "94"]
[EventDate "1995.11.??"]
[EventType "tourn"]
[EventRounds "13"]
[EventCountry "USA"]
[EventCategory "12"]
[SourceTitle "CBM 051"]
[Source "ChessBase"]
[SourceDate "1996.04.01"]
[SourceVersion "1"]
[SourceVersionDate "1996.04.01"]
[SourceQuality "1"]

1. e4 {King} c5 2. Nf3 e6 3. d4 cxd4 4. Nxd4 Nc6 5. Nc3 Qc7 6. Be3 a6 7. Bd3 b5
$5 8. O-O Bb7 9. a3 Nf6 10. Kh1 h5 $5 {Benjamin's Lieblingszug -siehe gegen De
Firmian B47- in der Paulsen Variante.} (10... Nxd4 $5 11. Bxd4 Bc5 12. Bxc5
Qxc5 13. Qe2 d6 14. f4 e5 15. fxe5 dxe5 16. Rf5 O-O $13 {Hjartarson,J-Ye
Jiangchuan/Moscow olm/1994/CBM45/}) 11. f4 Ng4 12. Bg1 g5 $5 {Schwarz besitzt
eine sehr starke Initiative am Koenigsfluegel. Der ganze weisse Aufbau
gefaellt mir nicht.} 13. Be2 $146 (13. Nxc6 dxc6 14. Bd4 f6 15. e5 O-O-O 16.
Bg1 c5 $40 {Antunac,G-Kurajica,B/Yugoslavia/1967/INF04,448/}) 13... gxf4 14.
Bxg4 hxg4 15. Qxg4 O-O-O $1 16. Nxc6 dxc6 $1 {Dieser Zug hat einen Nachteil:
der Bb7 ist ausgesperrt, aber er hat mehrere Vorteile: bekraeftigt den
b5-Bauern, noch staerker konrolliert den d5-Punkt und oeffnet die d-Linie fuer
den Turm.} 17. Rad1 (17. Qxf4 $2 Bd6 $19 {>< h2}) 17... Bd6 {>< h2} 18. Bd4
Rdg8 $1 {Ein wichtiger Zwischenzug. Jetzt stehen die schwarze Tuerme fuer
einen Koenigsangriff sehr optimal.} 19. Qf3 Rh6 20. b4 $2 {Der Anziehende
wollte c5 verhindern, aber jetzt kommt noch schlimmer fuer ihn.} (20. e5 $1 {
[#] Dieses positionelle Bauernopfer ist fuer derartige Stellungen typisch.} c5
21. Ne4 $8 (21. exd6 $2 Bxf3 22. dxc7 Bxg2+ $19) 21... Bxe5 (21... Be7 $5) 22.
Bxe5 Qxe5 23. Nd6+ Qxd6 24. Qxb7+ $1 Kxb7 25. Rxd6 $44) 20... Rg3 21. Qe2 $2 (
21. Qf2 f3 22. gxf3 Rgh3 $19) 21... e5 $1 {Schwarz gewinnt eine Figur.} 22. Ba7
{Der geplante Zug 22.Bb6 geht nicht wegen 22... Qxb6 und der d6-Laeufer ist
von dem h6-Turm gedeckt.} Rxc3 $19 {Der Rest der Partie bedarf keines
Kommentars, der Gewinn ist nur noch eine Frage der Zeit.} 23. Qg4+ Re6 24. Rd2
Qe7 25. Rfd1 Kc7 26. Bc5 Bxc5 27. Rd7+ Qxd7 28. Rxd7+ Kxd7 29. bxc5 Rxc5 30. h4
Rc3 31. Qg7 Ke7 32. Qg5+ Kd7 33. Qg7 c5 34. Qxf7+ Re7 35. Qf5+ Kc7 36. h5 Re3
37. Qf6 Kd7 38. Qf5+ Ke8 39. Qg6+ Kd8 40. Qd6+ Ke8 41. Qg6+ Kd7 42. Qf5+ Kc7
43. Qf6 Rd7 44. Qxe5+ Kb6 45. Qxf4 Rxe4 46. Qf6+ Bc6 47. h6 Re2 {King: Black
has an overwhelming material advantage, but still, a telling demonstration of
the power of rooks and bishop in combination. It might have been different
with a knight instead of a bishop.} 0-1

[Event "Pamplona"]
[Site "Pamplona"]
[Date "2002.12.28"]
[Round "6"]
[White "Vallejo Pons, Francisco"]
[Black "Kasimdzhanov, Rustam"]
[Result "1/2-1/2"]
[WhiteElo "2635"]
[BlackElo "2653"]
[Annotator "Ribli,Z"]
[PlyCount "177"]
[EventDate "2002.12.21"]
[EventType "tourn"]
[EventRounds "6"]
[EventCountry "ESP"]
[EventCategory "16"]
[SourceTitle "CBM 093"]
[Source "ChessBase"]
[SourceDate "2003.04.01"]
[SourceVersion "1"]
[SourceVersionDate "2003.04.01"]
[SourceQuality "1"]

1. e4 c5 2. Nf3 Nc6 3. d4 cxd4 4. Nxd4 e6 5. Nc3 Qc7 6. Be3 a6 7. Qd2 {Diese
Spielweise ist sehr populär in der letzten Zeit - der weiße Plan ist einfach -
er möchte nachfolgend mit der langen Rochade und f3-g4 angreifen.} Nf6 {
Diese Springerentwicklung ist natuerlich, aber vielleicht ist das sofortige 7..
.b5 logischer, auf diese Weise kann Schwarz sofortiges Gegenspiel am
Damenfluegel anstreben.} (7... b5) 8. O-O-O Bb4 9. f3 Ne5 10. Nb3 d5 {Dieser
Zug wird weniger gespielt. Schwarz öffnet die Stellung, aber sein König steht
in der Mitte und der Gegner hat die bessere Entwicklung. Nach meiner
persönlichen Meinung ist die Alternative 10...b5 logischer.} (10... b5 11. Bd4
(11. Kb1 Be7 12. Qf2 d6 13. g4 Nfd7 14. Rg1 Bb7 15. g5 Rc8 16. a3 Nc4 17. Bxc4
bxc4 18. Nd4 Rb8 19. h4 d5 20. exd5 Bxd5 21. Nxd5 exd5 22. Rge1 O-O {0-1
Kasimdzhanov,R-Ye Jiangchuan/Bled 2002/EXT 2003 (52)}) 11... Bb7 (11... Be7 12.
Qf2 d6 13. Kb1 O-O 14. g4 Nfd7 (14... b4 15. Na4 Bb7 16. Rg1 Nfd7 17. Nb6 Rab8
18. g5 {1-0 Leko,P-Lutz,C/Essen 2002/CBM 90 (62)}) 15. f4 (15. Rg1 Bb7 16. g5
Rfc8 17. a3 Nc4 18. Bxc4 bxc4 19. Nc1 Rab8 20. N1e2 Bc6 21. Ka1 {1-0 Kasparov,
G-Ye Jiangchuan/Bled 2002/EXT 2003 (66)}) 15... b4 16. Na4 Nxg4 17. Qg2 Ngf6
18. Bd3 e5 19. Rdg1 Ne8 {1/2-1/2 Vallejo Pons,F-Comas Fabrego,L/Ayamonte 2002/
CBM 92 no vc (19)}) 12. Kb1 Be7 13. Na5 (13. Qf2 O-O 14. g4 b4 15. g5 bxc3 $13
{1/2-1/2 Handke,F-Teske,H/Wattenscheid GER 2003/(15)} (15... Nh5 $5 $15)) 13...
d6 14. Nxb7 (14. Ne2 {1/2-1/2 Ivanchuk,V-Ljubojevic,L/Beograd 1995/Inf 65 (14)}
) 14... Qxb7 15. f4 Nc6 16. Bxf6 Bxf6 17. g4 O-O 18. g5 Bxc3 19. Qxc3 Rfd8 20.
h4 e5 21. h5 exf4 22. Bh3 Ne5 {0-1 Kovchan,A-Tregubov,P/Smolensk 2000/CBM 77 
(55)}) (10... Be7 11. f4 Nc4 12. Bxc4 Qxc4 13. e5 Ng4 14. Bd4 $14) 11. Bd4 $5 (
11. Qd4 Bxc3 12. bxc3 dxe4 13. Bg5 Nc6 14. Qf2 Qe5 15. Qh4 h6 16. Bxf6 Qxf6 17.
Qxe4 Qxc3 18. Qc4 Qxc4 19. Bxc4 Ne5 {0-1 Kochetov,D-Brylev,I/Moscow 1996/EXT
98 (40)}) 11... O-O {Schwarz muss rochieren - 11...dxe4?? waere ganz schlecht
wegen 12.Bxe5 mit sofortigem Gewinn.} 12. a3 {Statt dieser Fortsetzung ist die
Alternative 12.Qg5 auch gut spielbar für Weiß.} (12. Qg5 Ned7 13. e5 Ne8 14. a3
h6 15. Qe3 Be7 16. f4 b6 17. h4 Nc5 18. Kb1 Nxb3 19. cxb3 Bc5 20. Rc1 Bxd4 21.
Qxd4 Qd8 22. Na4 {1-0 Zagrebelny,S-Brylev,I/Moscow 1995/EXT 2000 (38)}) 12...
Bd6 13. exd5 (13. Qe1 dxe4 14. Nxe4 Nxe4 15. Qxe4 f5 16. Qe1 b5 17. Bc3 Nc4 18.
Kb1 Nb6 19. Bd3 Nd5 20. Ba5 Qf7 21. g4 Bb7 {0-1 Erdogdu,M-Andonov,B/Istanbul
2002/CBM 88 ext (73)}) 13... exd5 14. Qf2 {Weiß droht in einigen Varianten Bc5
zu ziehen und die dunkelfarbigen Läufer zu tauschen. Schwarz hat einen
isolierten Bauern auf d5, anderseits steht der Nb3 wenig aktiv.} b5 {Ich muss
anmerken, dass Großmeister Kasimdzhanov diese Variante auch mit Weiß spielt!
In dieser Stellung zog er 15.g4 gegen Al Modiahki und gewann später.} 15. Bxb5
$5 {Mit diesem zeitweiligen Figurenopfer bekommt Weiß die Initiative.} (15. g4
Be6 16. Bd3 Nfd7 17. Bf5 Nc4 18. Rhe1 Rfe8 19. Kb1 Rac8 20. Re2 Bxf5 21. gxf5
Rxe2 22. Qxe2 Qc6 23. Qg2 Bf8 24. Rg1 f6 25. f4 {1-0 Kasimdzhanov,R-Al
Modiahki,M/Hyderabad 2002/CBM 92 no vc (52)}) 15... axb5 16. Nxb5 Qb8 17. Nxd6
Qxd6 18. Bc5 {[%cal Rc5f8]} Qd8 19. Bxf8 Qxf8 {[%mdl 1024] Weiß hat Turm und
zwei Bauern gegen zwei Leichtfiguren. Die weiße Bauernmehrheit erscheint sehr
gefährlich am Damenflügel, aber wegen der Schwächung der Königsstellung ist es
nicht leicht für Weiß, diese Bauern zu mobilisieren.} 20. Qc5 $14 {Weiß möchte
die Damen tauschen, wonach seine Bauern am Damenflügel sehr gefährlich sind.}
Qd8 {Natuerlich Schwarz muss die Damen auf dem Brett halten.} (20... Qxc5 21.
Nxc5 $16) 21. Rhe1 Ng6 22. Nd4 {[%csl Gd4] Endlich der frueher passive Nb3
steht ausgezeichnet auf d4.} Bd7 23. Re3 Nf4 $1 {[%cal Gf4e6,Ge6d4] Schwarz
möchte Ne6 ziehen und die beste weiße Figur, den d4-Springer, mit Ne6 tauschen.
} 24. g3 Ne6 25. Nxe6 Bxe6 (25... fxe6 $6 {Jetzt ist der d5P nicht mehr
isoliert, aber dieser Zug schwächt die schwarze Königsstellung.}) 26. Qd4 Ne8
$1 {[%csl Yc4][%cal Ge8d6,Gd6c4]} 27. a4 Nd6 28. Ra3 {[%csl Ga3] Ein
interessantes Turmmanöver - der Turm möchte den a-Bauern unterstützen.} Nc4 29.
Ra2 Na5 {[%cal Ga5c6,Gc6d4]} 30. b4 Nc6 31. Qc5 Rc8 {[%cal Gc8c1]} 32. a5 Qd7 (
32... Ne5 33. Qd4 Nc4 34. a6 $36) 33. a6 {[%csl Ga6][%cal Ga2a6] Der weiße
a-Freibauer - mit der Unterstützung des Turms - ist sehr gefährlich.} Na7 34.
Qb6 Rc6 35. Qb8+ Rc8 36. Qb6 Rc6 37. Qd4 {Natürlich ist Weiß mit der
Zugwiederholung nicht zufrieden.} Qc7 38. Qf4 Qc8 (38... Qxf4+ $6 39. gxf4 Kf8
40. Ra5 $16 (40. f5 $2 Bxf5 41. Rxd5 Be6 $17 {[%cal Re6a2]})) 39. Qe3 Qc7 40.
b5 Nxb5 $1 {Schwarz opfert Material - das ist die beste Chance, um die
verbundenen Freibauern zu vernichten.} (40... Rb6 41. Rxd5 $16) (40... Rd6 41.
Rb2 $36) 41. a7 Nxa7 42. Qxa7 Rxc2+ $1 {Das ist die Pointe des schwarzen
Spiels - er gewinnt den wichtigen c-Bauern, wonach er schon die Damen tauschen
kann.} 43. Kb1 h5 44. Qxc7 Rxc7 {[%mdl 4096] In diesem Endspiel hat Schwarz
einen Bauern für die Qualität. Die Stellung ist wahrscheinlich Remis, aber
Weiß kann noch viele Züge - ohne Risiko - weiterspielen. Für Schwarz ist es
wichtig, die Türme auf dem Brett zu behalten, um nicht in Zugzwang zu geraten.}
45. Rd4 g6 46. Re2 Rc3 47. Rf2 (47. f4 $6 Kg7 $11 {Jetzt wären die weißen
Bauern am Königsflügel so befestigt, dass Schwarz das Remis nur mit Wartezügen
erreichen kann.}) 47... Kg7 48. Kb2 Rc7 49. Rc2 Ra7 (49... Rxc2+ $2 50. Kxc2
$16) 50. Kc1 {[%cal Gc1d2,Gd2e3] Der weiße König strebt zum Königsflügel.} Ra3
51. Rf2 Kf6 52. Kd2 Ke5 53. Rd3 Ra4 (53... Rxd3+ $2 54. Kxd3 $16) 54. Re2+ Kf6
55. Ke3 h4 $5 {Schwarz möchte so viel Material wie möglich tauschen. Aber nach
neutralen Abwartezügewn wäre es auch nicht leicht für Weiß weiterzukommen.} (
55... Kg7 56. Rd4 Ra3+ 57. Kf4 Kf6 58. h4 $14 {[%cal Gg3g4]}) 56. g4 (56. Rd4
Ra3+ 57. Kf2 (57. Kf4 $4 g5#) 57... hxg3+ 58. hxg3 $11) 56... Ke5 57. Red2 g5 {
[%csl Gg5,Gh4]} 58. h3 Ra1 {[%cal Ra1h1,Rh1h3]} (58... Rb4 59. Rd4 Rb3+ 60. Kf2
$14) 59. Rd1 Ra2 60. R3d2 Ra3+ 61. Kf2 Ra4 62. Re1+ Kf6 (62... Kf4 $14 {
Dieser Königszug scheint etwas verdächtig, aber ich sehe keine konkrete
Widerlegung.}) 63. Ree2 Rb4 64. Rb2 Ra4 65. Rb3 Rc4 66. Ra3 Rb4 67. Rea2 {
Es ist nicht leicht für Weiß weiterzukommen. Er hat nur den Plan f3-f4, aber
er darf sich nicht übereilen - zunächst erfolgt der sogenannte Manövrierkampf.}
Ke5 68. Ra4 Rb3 69. Re2+ Kf6 70. Rd4 Ra3 71. Kg2 Rb3 72. f4 {Endlich sprengt
Weiß die Stellung. Dieser Zug führt zu Vereinfachungen, aber ich sehe keinen
anderen Plan für Weiß.} gxf4 73. Rxf4+ Kg6 (73... Kg5 $14) 74. Re5 Rb2+ 75. Rf2
Rb4 76. Rfe2 (76. Rh5 f5 $5 $11 (76... Bxg4 77. Rxh4 (77. hxg4 Rxg4+ 78. Kh3
Kxh5 79. Rxf7 $17) 77... Bf3+ 78. Kg3 Rxh4 79. Kxh4 Be4 80. Kg4 $16)) 76... d4
{[%csl Gd4]} 77. Rd2 Bc8 78. Rh5 f5 $1 $11 {Durch diesen Zug kann Schwarz
endlich ausgleichen.} 79. Rh8 (79. Rxh4 fxg4 80. hxg4 Kg5 $11) 79... Bb7+ 80.
Kf2 fxg4 81. Rg8+ Kf5 82. Rxg4 Rb3 83. Rxh4 (83. Rdxd4 Rxh3 $11) 83... Rf3+ 84.
Ke2 Re3+ 85. Kf2 (85. Kd1 $5 Bf3+ 86. Kc1 $14) 85... Rf3+ 86. Kg1 d3 {Der Pd3
ist so stark, dass die weiße Qualitaet nicht verwertet werden kann.} 87. Rf2
Ke5 88. Rb2 (88. Rxf3 Bxf3 89. Rb4 (89. Kf2 $4 d2 $19) (89. Rh8 $4 d2 90. Rd8
Bd5 $19) 89... d2 90. Rb1 $11) 88... Bc6 89. Kh2 1/2-1/2

[Event "Groningen"]
[Site "Groningen"]
[Date "1995.??.??"]
[Round "2"]
[White "Almasi, Zoltan"]
[Black "Leko, Peter"]
[Result "1/2-1/2"]
[WhiteElo "2630"]
[BlackElo "2605"]
[Annotator "Ribli,Z"]
[PlyCount "42"]
[EventDate "1995.12.??"]
[EventType "tourn"]
[EventRounds "11"]
[EventCountry "NED"]
[EventCategory "17"]
[SourceTitle "CBM 051"]
[Source "ChessBase"]
[SourceDate "1996.04.01"]
[SourceVersion "1"]
[SourceVersionDate "1996.04.01"]
[SourceQuality "1"]

1. e4 c5 2. Nf3 e6 3. d4 cxd4 4. Nxd4 Nc6 5. Nc3 Qc7 6. Be3 a6 7. Bd3 b5 8. O-O
Bb7 9. Nxc6 Qxc6 10. Kh1 (10. Qe2 Nf6 11. Bg5 Be7 12. Rae1 b4 13. Nb1 h6 14.
Bc1 O-O 15. f4 d5 $13 {Frolov,D-Ionov,S/St.Petersburg op/1994/CBM41/}) 10...
Nf6 11. f3 Bc5 12. Qe1 Bxe3 13. Qxe3 Qc7 $1 $146 {Eine sehr wichtige Neuerung
in dieser seltenen Variante.} (13... b4 14. Ne2 O-O 15. Rfc1 e5 16. c3 Qd6 17.
Ng3 $14 {Short,N-Rogers,I/Manila olm/1992/INF55,214/}) (13... O-O $2 14. e5 Nd5
$2 15. Nxd5 Qxd5 $4 (15... exd5 $16) 16. Be4 Qxe5 17. Bxh7+ Kxh7 18. Qxe5 $18)
14. a4 (14. e5 Nd5 15. Nxd5 Bxd5 $10) 14... b4 15. Na2 a5 16. c3 (16. Nc1 O-O
17. Nb3 d6 $13) 16... bxc3 17. Nxc3 O-O 18. Nb5 (18. e5 Nd5 19. Nxd5 Bxd5 $13)
18... Qb8 19. e5 Nd5 20. Qe4 f5 $1 21. exf6 Nxf6 {Schwarz hat die Eroeffnung
zufriedenstellend geloest und die Chancen sind gleich, aber sie koennten
weiter spielen. Ribli} 1/2-1/2

[Event "Sigeman & Co 03rd"]
[Site "Malmo"]
[Date "1995.??.??"]
[Round "8"]
[White "Hector, Jonny"]
[Black "Sadler, Matthew D"]
[Result "0-1"]
[WhiteElo "2540"]
[BlackElo "2575"]
[Annotator "Ribli,Z"]
[PlyCount "82"]
[EventDate "1995.05.??"]
[EventType "tourn"]
[EventRounds "9"]
[EventCountry "SWE"]
[EventCategory "12"]
[SourceTitle "CBM 048"]
[Source "ChessBase"]
[SourceDate "1995.10.01"]
[SourceVersion "1"]
[SourceVersionDate "1995.10.01"]
[SourceQuality "1"]

1. e4 c5 2. Nf3 e6 3. d4 cxd4 4. Nxd4 Nc6 5. Nc3 Qc7 6. Be3 a6 7. Bd3 Nf6 8.
O-O Ne5 9. h3 Bc5 10. Kh1 d6 11. f4 Ned7 12. a3 b5 (12... O-O {Kasparov,
G-Ivanchuk,V/Novgorod/1994/CBM43/INF61,196/}) 13. Bxb5 {Kasparov's Idee.} axb5
14. Ndxb5 Qb8 $5 {Eine wichtige Neuerung. Ich meine auch, dass die Q auf b8 am
besten steht.} (14... Qb6 15. Bxc5 dxc5 16. Nd6+ $2 (16. e5 $1 $44) 16... Ke7
17. Nxc8+ Rhxc8 18. e5 Ne8 $17 {Kasparov,G-Lautier,J/Amsterdam Euwe-mem/1995/
CBM47/}) 15. Bxc5 dxc5 16. e5 (16. Nd6+ Ke7 17. Nxc8+ Rxc8 18. e5 Ne8 $17)
16... Ba6 17. Nd6+ $6 {Dieser N steht auf d6 schoen aber macht nichts.} (17. a4
Bxb5 18. Nxb5 Nd5 (18... Ne4 $5) 19. Nd6+ Ke7 20. Qh5 g6 21. Qh4+ Kf8 (21... f6
$5) 22. Qh6+ Ke7 23. Qh4+ $10) 17... Ke7 18. Rf2 Rd8 $1 19. Rd2 (19. exf6+ Nxf6
$19) 19... Qxb2 $1 {Jetzt ist der b2P nicht "vergiftet".} 20. Na4 Qb8 21. Qf3
Ne8 22. Rad1 Nxd6 23. Rxd6 Bb7 $1 {Weiss befindet sich in grosser Not.} 24. Qg3
(24. Qb3 Bd5 $1 $19) 24... Rxa4 25. Qxg7 Rd4 $1 {Noch eine schoene Feinheit.}
26. R1xd4 cxd4 27. f5 exf5 28. Qg5+ Ke8 29. Qxf5 Nf8 30. e6 Bxg2+ $1 {Ein
eleganter Abschluss der Partie.} 31. Kg1 (31. Kxg2 Qb7+ 32. Kf2 Rxd6 $19) 31...
Qb1+ 32. Kh2 Qh1+ 33. Kg3 Qxh3+ 34. Qxh3 Bxh3 35. exf7+ Ke7 36. Rxd8 Kxd8 37.
Kxh3 Ke7 38. Kg4 Kxf7 39. Kf5 Ke7 40. Ke5 Ne6 41. a4 h5 {Nach dieser Partie
hat man den Eindruck,dass das Figurenopfer (13.Bb5) mindestens fragwuerdig ist.
} 0-1